天機勿語

資料類型: Book 圖書   書目號:41942

Leader xxxxxxxxxx
001 __ PCLIS00041942
005 __ 20211206103241.0
009 __ |a(CIP)97001397
010 0_ |a978-986-185-154-9|b第1冊 : 平裝|dNT$199
010 0_ |a978-986-185-155-6|b第2冊 : 平裝|dNT$199
010 0_ |a978-986-185-166-2|b第3冊 : 平裝|dNT$230
010 0_ |a978-986-185-167-9|b第4冊 : 平裝|dNT$230
010 0_ |a978-986-185-178-5|b第5冊 : 平裝|dNT$199
010 0_ |a978-986-185-179-2|b第6冊 : 平裝|dNT$199
042 __ |anbi9809ap01
050 __ |a001927312
100 __ |a20080611g20082008m  y0chiy09      e
101 0_ |achi
102 __ |atw
105 __ |ay   z   000ay
200 1_ |a天機勿語|f北溟神話著
205 __ |a初版
210 __ |a臺北市|c高寶國際出版|c希代多媒體發行|d2008[民97]
215 0_ |a6冊|d21公分
225 2_ |a戲非戲|v13-16,23-24
260 1_ |a2008
327 1_ |a第1冊, 熱血英魂|a第2冊, 燕山絕脈|a第3冊, 紫殭出逃|a第4冊, 陰冰之殿|a第5冊, 暗驚絕色|a第6冊, 鎏金寶箱
410 _0 |12001 |a戲非戲|vDN013-DN016,DN023-DN024
463 _0 |12001 |a熱血英魂
463 _0 |12001 |a燕山絕脈
463 _0 |12001 |a紫殭出逃
463 _0 |12001 |a陰冰之殿
463 _0 |12001 |a暗驚絕色
463 _0 |12001 |a鎏金寶箱
681 __ |a857.7|b8624|v2007年版
700 _0 |a北溟神話|c(中國文學)
801 _0 |atw|bCIP|c20080118|gCCR
801 _1 |atw|bCIP|c20080118|gCCR
801 _2 |atw|b國圖|c20090121|gCCR
801 _0 |atw|b內湖高中|c20100326
801 _2 |atw|b內湖高中|c20211206|gCCR
詳細館藏 1-6 筆 (共 6 筆)
索 書 號登 錄 號冊次號館別 / 館藏地流通類型狀態加入預約清單電子資源
857.7 / 8664 2017793 v5 圖書館 / 一樓普通區 可外借30天 在館   
857.7 / 8664 2017803 v1 圖書館 / 一樓普通區 可外借30天 在館   
857.7 / 8664 2017804 v2 圖書館 / 一樓普通區 可外借30天 在館   
857.7 / 8664 2017805 v3 圖書館 / 一樓普通區 可外借30天 在館   
857.7 / 8664 2017806 v4 圖書館 / 一樓普通區 可外借30天 在館   
857.7 / 8664 2017862 v6 圖書館 / 一樓普通區 可外借30天 在館   

| 條列資料




目錄查詢 分類查詢 個人資料 圖書薦購 新書查詢 閉館日 排行榜 更多電子資源 Hami書城 線上資料庫 登出

From : 216.73.217.52

  本日流通累計至 03:32:12 借閱 : 0 次 續借 : 0 次 歸還 : 0 次 預約 : 0 次 電子資源 : 0 次


內湖高中圖書館  PCLIS 版本  26.5.0.12